Decision-making in nursing : (Record no. 498)

MARC details
000 -LEADER
fixed length control field 01345cam a22003734a 4500
001 - CONTROL NUMBER
control field 14948895
003 - CONTROL NUMBER IDENTIFIER
control field OSt
005 - DATE AND TIME OF LATEST TRANSACTION
control field 20210220130452.0
008 - FIXED-LENGTH DATA ELEMENTS--GENERAL INFORMATION
fixed length control field 070731s2008 maua b 001 0 eng
010 ## - LIBRARY OF CONGRESS CONTROL NUMBER
LC control number 2007031565
016 7# - NATIONAL BIBLIOGRAPHIC AGENCY CONTROL NUMBER
Record control number 101313022
Source DNLM
020 ## - INTERNATIONAL STANDARD BOOK NUMBER
International Standard Book Number 9780763744359 (pbk.)
020 ## - INTERNATIONAL STANDARD BOOK NUMBER
International Standard Book Number 0763744352 (pbk.)
035 ## - SYSTEM CONTROL NUMBER
System control number (OCoLC)ocn162143299
035 ## - SYSTEM CONTROL NUMBER
System control number (OCoLC)162143299
Canceled/invalid control number (OCoLC)154697379
040 ## - CATALOGING SOURCE
Original cataloging agency DNLM/DLC
Transcribing agency DLC
Modifying agency NLM
-- BAKER
-- BTCTA
-- YDXCP
-- C#P
-- IXA
-- DLC
-- PHNSL
042 ## - AUTHENTICATION CODE
Authentication code pcc
050 00 - LIBRARY OF CONGRESS CALL NUMBER
Classification number RT42
Item number .D433 2008
060 10 - NATIONAL LIBRARY OF MEDICINE CALL NUMBER
Classification number WY 100
Item number D294 2008
082 00 - DEWEY DECIMAL CLASSIFICATION NUMBER
Classification number 610.73
Edition number 22
245 00 - TITLE STATEMENT
Title Decision-making in nursing :
Remainder of title thoughtful approaches for practice /
Statement of responsibility, etc. [edited by] Sandra B. Lewenson, Marie Truglio-Londrigan.
260 ## - PUBLICATION, DISTRIBUTION, ETC.
Place of publication, distribution, etc. Sudbury, Mass. :
Name of publisher, distributor, etc. Jones and Bartlett Publishers,
Date of publication, distribution, etc. 2008.
300 ## - PHYSICAL DESCRIPTION
Extent xxv, 208 p. :
Other physical details ill. ;
Dimensions 23 cm.
504 ## - BIBLIOGRAPHY, ETC. NOTE
Bibliography, etc. note Includes bibliographical references and index.
650 #0 - SUBJECT ADDED ENTRY--TOPICAL TERM
Topical term or geographic name entry element Nursing
General subdivision Decision making.
650 12 - SUBJECT ADDED ENTRY--TOPICAL TERM
Topical term or geographic name entry element Decision Making.
650 12 - SUBJECT ADDED ENTRY--TOPICAL TERM
Topical term or geographic name entry element Nursing Care
General subdivision methods.
700 1# - ADDED ENTRY--PERSONAL NAME
Personal name Lewenson, Sandra.
700 1# - ADDED ENTRY--PERSONAL NAME
Personal name Truglio-Londrigan, Marie.
856 41 - ELECTRONIC LOCATION AND ACCESS
Materials specified Table of contents only
Uniform Resource Identifier <a href="http://www.loc.gov/catdir/toc/ecip0724/2007031565.html">http://www.loc.gov/catdir/toc/ecip0724/2007031565.html</a>
906 ## - LOCAL DATA ELEMENT F, LDF (RLIN)
a 7
b cbc
c orignew
d 1
e ecip
f 20
g y-gencatlg
942 ## - ADDED ENTRY ELEMENTS (KOHA)
Source of classification or shelving scheme Library of Congress Classification
Koha item type Books
Holdings
Withdrawn status Lost status Source of classification or shelving scheme Damaged status Not for loan Home library Current library Shelving location Date acquired Total Checkouts Full call number Barcode Date last seen Copy number Price effective from Koha item type Public note
    Library of Congress Classification     Public Health Nurses School Public Health Nurses School General Stacks 02/20/2021   RT42.D35 00964 02/20/2021 c.1 02/20/2021 Books soa 20/02/21
    Library of Congress Classification     Public Health Nurses School Public Health Nurses School General Stacks 02/20/2021   RT42.D35 00965 02/20/2021 c.2 02/20/2021 Books soa 20/02/21
Copyright © 2025 PHNS Library. All Rights Reserved.